Rural Development Administration (Record no. 3148)
[ view plain ]
| 000 -LEADER | |
|---|---|
| fixed length control field | 00335nam a22001217a 4500 |
| 008 - FIXED-LENGTH DATA ELEMENTS--GENERAL INFORMATION | |
| fixed length control field | 230703b xxu||||| |||| 00| 0 eng d |
| 082 ## - DEWEY DECIMAL CLASSIFICATION NUMBER | |
| Classification number | 350.07 |
| Item number | OYU |
| 100 ## - MAIN ENTRY--PERSONAL NAME | |
| Titles and words associated with a name | Walter Ouma Oyugi |
| 245 ## - TITLE STATEMENT | |
| Title | Rural Development Administration |
| Remainder of title | A Kenyan Experience |
| 260 ## - PUBLICATION, DISTRIBUTION, ETC. (IMPRINT) | |
| Place of publication, distribution, etc. | India |
| Name of publisher, distributor, etc. | Vikas Publishing House |
| Date of publication, distribution, etc. | 1981 |
| 300 ## - PHYSICAL DESCRIPTION | |
| Extent | 227p |
| 942 ## - ADDED ENTRY ELEMENTS (KOHA) | |
| Source of classification or shelving scheme | Dewey Decimal Classification |
| Koha item type | Books |
| Withdrawn status | Lost status | Source of classification or shelving scheme | Damaged status | Not for loan | Home library | Current library | Date acquired | Total Checkouts | Full call number | Barcode | Date last seen | Price effective from | Koha item type |
|---|---|---|---|---|---|---|---|---|---|---|---|---|---|
| Dewey Decimal Classification | County Hall Archives | County Hall Archives | 07/03/2023 | 350.07 OYU | 10000499 | 07/03/2023 | 07/03/2023 | Books | |||||
| Dewey Decimal Classification | County Hall Archives | County Hall Archives | 07/03/2023 | 350.07 OYU | 10000493 | 07/03/2023 | 07/03/2023 | Books | |||||
| Dewey Decimal Classification | County Hall Archives | County Hall Archives | 07/03/2023 | 350.07 OYU | 10000502 | 07/03/2023 | 07/03/2023 | Books | |||||
| Dewey Decimal Classification | County Hall Archives | County Hall Archives | 07/03/2023 | 350.07 OYU | 10000490 | 07/03/2023 | 07/03/2023 | Books |
